| 000 | 00842nam a2200241 a 4500 | ||
|---|---|---|---|
| 999 |
_c12230 _d12230 |
||
| 001 | 12230 | ||
| 003 | BD-JhCC | ||
| 005 | 20220602134022.0 | ||
| 008 | 210829b2016 bg a|||| ||a| 001 0 ben d | ||
| 035 | _a(BD-JhCC)12230 | ||
| 040 |
_aBD-JhCC _dBD-JhCC |
||
| 041 | _aBengali | ||
| 082 |
_222 _a297.23 _bARI 2016 |
||
| 100 | _aআরিফী,ড. মুহাম্মদ বিন আব্দুল রহমান | ||
| 245 |
_aমহাপ্রলয়-২: _bপরকাল / _cড. মুহাম্মদ বিন আব্দুল রহমান আরিফী । |
||
| 260 |
_aঢাকা: _bভাষান্তর; _c২০১৬. |
||
| 300 |
_a496 p. : _bill; _c22 cm. |
||
| 650 | _aResurrection (islam) | ||
| 650 | _aFuture Life (islam) | ||
| 650 | _aJudgment day (islam) | ||
| 942 |
_2ddc _cBK _01 |
||